000
00234nam a2200097Ia 4500
008
190216s9999||||xx |||||||||||||| ||und||
100
_a
Null
245
0
_a
Malayalam-Malayalam
260
_b
Sahithya Pravarthaka Co-Operative
942
_c
BK
999
_c
30288
_d
30288